| 000 | 00489nam a22001697a 4500 | ||
|---|---|---|---|
| 005 | 20260323105517.0 | ||
| 008 | 260323b |||||||| |||| 00| 0 eng d | ||
| 037 | _cDSWL | ||
| 040 |
_aDSWL _cDSWL |
||
| 041 | _heng | ||
| 245 | _aContemporary relevance of Ambedkar's thoughts | ||
| 260 |
_aJaipur, _bRawat Publication, _c2017 |
||
| 300 | _a280p | ||
| 365 |
_aINR _b995 |
||
| 942 |
_2CC _cTEXL _n0 |
||
| 999 |
_c1726346 _d1726346 |
||